Komparácia procesov liberalizácie leteckej dopravy na vnútorných trhoch EÚ a USA

Analýza priebehu liberalizácie leteckej dopravy na vnútorných trhoch USA a Európskeho spoločenstva, resp. EÚ.

Na minha lista:
Detalhes bibliográficos
Autor principal: Grančay, Martin, 1984-2024
Formato: Capítulo de Livro
Idioma:eslovaco
Assuntos:
Tags: Adicionar Tag
Sem tags, seja o primeiro a adicionar uma tag!

MARC

LEADER 00000naa a2200000 4500
001 0186794
005 20240502083439.7
041 0 |a slo 
044 |a CZ 
245 1 0 |a Komparácia procesov liberalizácie leteckej dopravy na vnútorných trhoch EÚ a USA  |c Martin Grančay 
520 |a Analýza priebehu liberalizácie leteckej dopravy na vnútorných trhoch USA a Európskeho spoločenstva, resp. EÚ. 
610 2 0 |a analýza komparatívna 
610 2 0 |a trh vnútorný 
610 2 0 |a Európska únia 
610 2 0 |a USA 
610 2 0 |a doprava letecká 
100 1 |a Grančay, Martin, 1984-2024